Library Banner

تعارف اسلام/ (Record no. 92406)

MARC details
000 -LEADER
fixed length control field 00475nam a22001577a 4500
005 - DATE AND TIME OF LATEST TRANSACTION
control field 20170407144101.0
008 - FIXED-LENGTH DATA ELEMENTS--GENERAL INFORMATION
fixed length control field 170407b xxu||||| |||| 00| 0 eng d
040 ## - CATALOGING SOURCE
Transcribing agency PK-LaUMT
082 ## - DEWEY DECIMAL CLASSIFICATION NUMBER
Classification number ZIAC 297
Item number TAR-
245 ## - TITLE STATEMENT
Title تعارف اسلام/
Statement of responsibility, etc سید ابو الخیر کشفی(ترتیب
260 ## - PUBLICATION, DISTRIBUTION, ETC. (IMPRINT)
Place of publication, distribution, etc کراچی؛
Name of publisher, distributor, etc سرسید یونیورسٹی پریس ،
Date of publication, distribution, etc 1999
300 ## - PHYSICAL DESCRIPTION
Extent 203 ص
546 ## - LANGUAGE NOTE
Language note اردو
700 ## - ADDED ENTRY--PERSONAL NAME
Personal name ظل احمد نظامی(مقدمہ
942 ## - ADDED ENTRY ELEMENTS (KOHA)
Koha item type Books
Holdings
Withdrawn status Lost status Damaged status Home library Current library Date acquired Full call number Barcode Date last seen Price effective from Koha item type
      UMT Main Campus UMT Main Campus 2017-04-07 ZIAC 297 TAR- 107146 2017-04-07 2017-04-07 Books